000 00714nam a2200229Ia 4500
003 OSt
005 20220926002501.0
006 a|||||r|||| 00| 0
007 ta
008 220923b |||||||| |||| 00| 0 eng d
037 _cGeneral Book
040 _aRTL
_cRTL
_beng
041 _2eng
_aeng
082 _aX71.2.N58<--N57, K0
110 _aNational Council of Applied Economic Research (New Delhi)
245 0 _aEconomic functional classification of Central and
260 _a New Delhi
_bN C A E R
_c1960
300 _axvi, 225p
_ccm.
700 _aNational Council of Applied Economic Research (New Delhi)
942 _hX71.2.N58<--N57, K0
_cGB
_2CC
999 _c605209
_d605209